LDR 01018naa#a2200169#i#450# 001 RU\\bibl\110281 005 20260512201821.2 011 ## _a2312-7937 100 ## _a20251230b2025####ek#y0rusy0150####ca 102 ## _aRU 200 1# _aИСТОРИКО-ПРАВОВОЙ АНАЛИЗ НОРМАТИВНОГО ОБЕСПЕЧЕНИЯ ИНСТИТУТА УСЛОВНО-ДОСРОЧНОГО ОСВОБОЖДЕНИЯ С ПЕРСПЕКТИВОЙ ЕГО СОВЕРШЕНСТВОВАНИЯ В УСЛОВИЯХ ПРОБАЦИИ _eЖурнальная статья 210 1# _aДомодедово _cВсероссийский институт повышения квалификации сотрудников Министерства внутренних дел Российской Федерации _d2025 215 ## _a4 с. 608 ## _aЖурнальная статья _2local 675 ## _aПраво. Юридические науки. 34 _z 700 #1 _aКашкина _gЕкатерина Валерьевна 856 4# _avipkmvd.editorum.ru _u